[Event "IV Festival Isola Verde A"]
[Site "Ischia"]
[Date "2012.07.23"]
[Round "2"]
[White "Groh, Jiri"]
[Black "Chiang, Michael"]
[Result "1-0"]
[WhiteElo "2054"]
[BlackElo "2144"]
[PlyCount "111"]
[EventDate "2012.07.22"]
[EventCountry "ITA"]
[SourceDate "2005.09.12"]

1. c4 e5 2. d3 Nf6 3. Nc3 d5 4. cxd5 Nxd5 5. Nf3 Nc6 6. g3 Be7 7. Bg2 Nb6 8.
O-O O-O 9. a3 Re8 10. Nd2 Nd4 11. Nc4 Nxc4 12. dxc4 c6 13. b4 Be6 14. e3 Nf5
15. c5 Qc7 16. Qc2 Nh6 17. e4 Ng4 18. h3 Nf6 19. Be3 Qc8 20. Kh2 Bc4 21. Rfd1
Qe6 22. Rd2 Red8 23. Rxd8+ Bxd8 24. Nb1 Bb3 25. Qb2 Bc7 26. Nd2 Bc4 27. Rc1 Rd8
28. Bf1 Qd7 29. Rc3 Bb5 30. Bxb5 cxb5 31. Qc2 Qc6 32. Rd3 Rxd3 33. Qxd3 b6 34.
f3 h6 35. Kg2 a6 36. Nb3 bxc5 37. Bxc5 Qe6 38. Bf2 Qc6 39. Nc5 Bb6 40. h4 Bxc5
41. Bxc5 Qe6 42. Bf2 Ne8 43. Qd8 Kh7 44. Bc5 Qa2+ 45. Bf2 Qe6 46. Bc5 Nf6 47.
Qc7 Qa2+ 48. Bf2 Qxa3 49. Qxe5 Qxb4 50. Qf5+ Kh8 51. e5 Ng8 52. Qxf7 a5 53. Qd5
a4 54. e6 a3 55. Bd4 Qd2+ 56. Kh3 1-0

[Event "IV Festival Isola Verde A"]
[Site "Ischia"]
[Date "2012.07.23"]
[Round "2"]
[White "Kizov, Atanas"]
[Black "Hristodorescu, Daniel"]
[Result "1-0"]
[WhiteElo "2418"]
[BlackElo "2229"]
[PlyCount "45"]
[EventDate "2012.07.22"]
[EventCountry "ITA"]
[SourceDate "2005.09.12"]

1. d4 Nf6 2. Nf3 g6 3. c4 Bg7 4. Nc3 O-O 5. e4 d6 6. h3 c6 7. Bd3 a6 8. O-O b5
9. Re1 bxc4 10. Bxc4 d5 11. Bb3 e6 12. Bg5 Qb6 13. Qd2 a5 14. e5 Nfd7 15. Rac1
Na6 16. Bh6 Nb4 17. Bxg7 Kxg7 18. Re3 Qb8 19. Na4 Qb5 20. a3 Na6 21. Bd1 c5 22.
dxc5 Naxc5 23. Nd4 1-0

[Event "IV Festival Isola Verde A"]
[Site "Ischia"]
[Date "2012.07.23"]
[Round "2"]
[White "Kutirov, Rolando"]
[Black "Horvath, Csaba"]
[Result "1/2-1/2"]
[WhiteElo "2324"]
[BlackElo "2507"]
[PlyCount "53"]
[EventDate "2012.07.22"]
[EventCountry "ITA"]
[SourceDate "2005.09.12"]

1. d4 Nf6 2. c4 e6 3. Nf3 c5 4. d5 d6 5. Nc3 exd5 6. cxd5 g6 7. Bg5 Bg7 8. Nd2
h6 9. Bh4 g5 10. Bg3 Nh5 11. e3 Nxg3 12. hxg3 O-O 13. Bd3 f5 14. Qc2 b6 15. O-O
Na6 16. a3 Nc7 17. Rad1 Bd7 18. f4 b5 19. Nf3 c4 20. Be2 Qe7 21. fxg5 hxg5 22.
e4 fxe4 23. Nd4 Rxf1+ 24. Bxf1 Re8 25. Nc6 Bxc6 26. dxc6 Qe5 27. Nxb5 1/2-1/2

[Event "IV Festival Isola Verde A"]
[Site "Ischia"]
[Date "2012.07.23"]
[Round "2"]
[White "Meijers, Viesturs"]
[Black "Matthiesen, Arne"]
[Result "1-0"]
[WhiteElo "2485"]
[BlackElo "2336"]
[PlyCount "144"]
[EventDate "2012.07.22"]
[EventCountry "ITA"]
[SourceDate "2005.09.12"]

1. c4 e5 2. b3 d6 3. Bb2 Nd7 4. Qc2 Ngf6 5. Nf3 c6 6. Nc3 Be7 7. g3 O-O 8. Bg2
Re8 9. d4 Bf8 10. e3 a6 11. O-O Qc7 12. Rfc1 Rb8 13. a4 b6 14. b4 Bb7 15. c5
bxc5 16. bxc5 exd4 17. cxd6 Bxd6 18. Nxd4 c5 19. Nf3 Ne5 20. Nxe5 Bxg2 21. Kxg2
Bxe5 22. Ra2 Qc6+ 23. Kg1 h5 24. Nd1 Ne4 25. h4 Rbd8 26. Bxe5 Rxe5 27. Qe2 Red5
28. Rac2 Qxa4 29. Nc3 Nxc3 30. Rxc3 Rd1+ 31. Kg2 Rxc1 32. Rxc1 Qe4+ 33. Qf3 Qe5
34. Qc6 Qd5+ 35. Qxd5 Rxd5 36. Kf3 Rf5+ 37. Ke2 Kf8 38. f4 c4 39. Rxc4 Rb5 40.
Rc7 g6 41. Ra7 Rb2+ 42. Kf3 Rb6 43. g4 hxg4+ 44. Kxg4 Re6 45. Kf3 f5 46. Rd7
Kg8 47. Ke2 Kh8 48. Rc7 Kg8 49. Kf2 Kh8 50. h5 gxh5 51. Rf7 h4 52. Rxf5 Kg7 53.
Rc5 h3 54. Rc7+ Kg6 55. Rc3 Kf5 56. Rc5+ Ke4 57. Rh5 h2 58. Rxh2 Rc6 59. Rh8
Rc2+ 60. Kg3 Kxe3 61. f5 Rc6 62. Re8+ Kd4 63. Kf4 a5 64. Ra8 Kd5 65. Rxa5+ Kd6
66. Ra7 Rc8 67. Kg5 Ke5 68. Re7+ Kd6 69. Re1 Rg8+ 70. Kf6 Rf8+ 71. Kg6 Rg8+ 72.
Kf7 Rg2 1-0

[Event "IV Festival Isola Verde A"]
[Site "Ischia"]
[Date "2012.07.23"]
[Round "2"]
[White "Melich, Jindrich"]
[Black "Naumkin, Igor"]
[Result "0-1"]
[WhiteElo "2104"]
[BlackElo "2463"]
[PlyCount "64"]
[EventDate "2012.07.22"]
[EventCountry "ITA"]
[SourceDate "2005.09.12"]

1. b4 d5 2. Bb2 Qd6 3. a3 e5 4. Nf3 Nd7 5. e3 Ngf6 6. c4 d4 7. exd4 exd4 8. c5
Qd5 9. Bxd4 Be7 10. Nc3 Qf5 11. Qb1 Qh5 12. Bd3 Nf8 13. O-O Ne6 14. Be3 O-O 15.
Be2 Ng4 16. Qb3 Rd8 17. h3 Nxe3 18. dxe3 Bd7 19. Nd5 Bf8 20. Rfd1 Bc6 21. Bc4
b5 22. cxb6 axb6 23. e4 Ba4 24. Qc3 Bxd1 25. Rxd1 c6 26. Ne3 Rxd1+ 27. Nxd1 Nf4
28. Bf1 c5 29. b5 c4 30. Qxc4 Nxh3+ 31. gxh3 Qxf3 32. Ne3 Rxa3 0-1

[Event "IV Festival Isola Verde A"]
[Site "Ischia"]
[Date "2012.07.24"]
[Round "3"]
[White "Chiang, Michael"]
[Black "Calabrese, Claudio"]
[Result "1-0"]
[WhiteElo "2144"]
[BlackElo "1936"]
[PlyCount "81"]
[EventDate "2012.07.22"]
[EventCountry "ITA"]
[SourceDate "2005.09.12"]

1. e4 e6 2. d4 d5 3. Nd2 dxe4 4. Nxe4 Nf6 5. Nxf6+ Qxf6 6. Nf3 Qd8 7. Bd3 Be7
8. Bf4 Nd7 9. O-O O-O 10. c4 Nf6 11. Be5 b6 12. Bc2 Bb7 13. Ng5 g6 14. Qe2 Qd7
15. Rad1 h6 16. Ne4 Nxe4 17. Bxe4 Bxe4 18. Qxe4 Rad8 19. Rd3 Bd6 20. Bf6 Be7
21. Qf4 Bxf6 22. Qxf6 Qc6 23. Rh3 h5 24. Re1 Qxc4 25. Rxh5 gxh5 26. Qg5+ Kh7
27. Qxh5+ Kg8 28. Qg5+ Kh7 29. Re4 Rxd4 30. Qh5+ Kg7 31. Qg4+ Kh7 32. Rxd4 Qc1+
33. Rd1 Qxb2 34. Qh5+ Kg8 35. h3 Qxa2 36. Qg5+ Kh7 37. Qh4+ Kg8 38. Rd4 Qa1+
39. Kh2 f5 40. Qg5+ Kf7 41. Rd7+ 1-0

[Event "IV Festival Isola Verde A"]
[Site "Ischia"]
[Date "2012.07.24"]
[Round "3"]
[White "Frank-Nielsen, Marie"]
[Black "Dragojlovic, Andjelko"]
[Result "0-1"]
[WhiteElo "1983"]
[BlackElo "2367"]
[PlyCount "66"]
[EventDate "2012.07.22"]
[EventCountry "ITA"]
[SourceDate "2005.09.12"]

1. e4 g6 2. d4 Bg7 3. Nc3 d6 4. h3 a6 5. a4 b6 6. Be3 e6 7. Nge2 Ne7 8. g4 Bb7
9. Bg2 Nd7 10. Ng3 d5 11. exd5 Nxd5 12. Nxd5 Bxd5 13. Bxd5 exd5 14. Qf3 c6 15.
h4 Qe7 16. c3 O-O 17. O-O-O b5 18. Rde1 Rfe8 19. h5 bxa4 20. hxg6 fxg6 21. Bd2
Qd6 22. Ne2 a3 23. b3 Nf8 24. Kc2 Ra7 25. Bf4 Qf6 26. Qg3 Rf7 27. Be3 Re4 28.
Nc1 c5 29. Ne2 c4 30. bxc4 dxc4 31. Rb1 Qc6 32. Qb8 Rxf2 33. Kd2 Rxe3 0-1

[Event "IV Festival Isola Verde A"]
[Site "Ischia"]
[Date "2012.07.24"]
[Round "3"]
[White "Fredericia, Louise"]
[Black "Melich, Jindrich"]
[Result "1-0"]
[WhiteElo "2081"]
[BlackElo "2104"]
[PlyCount "28"]
[EventDate "2012.07.22"]
[EventCountry "ITA"]
[SourceDate "2005.09.12"]

1. c4 c5 2. g3 b6 3. Bg2 Nc6 4. Nf3 Bb7 5. O-O g6 6. Nc3 Bg7 7. d3 Nf6 8. Ne1
O-O 9. Nc2 d6 10. Rb1 Qd7 11. e4 Ne8 12. Ne3 Nc7 13. f4 Nd4 14. f5 b5 1-0

[Event "IV Festival Isola Verde A"]
[Site "Ischia"]
[Date "2012.07.24"]
[Round "3"]
[White "Horvath, Csaba"]
[Black "Kizov, Atanas"]
[Result "1-0"]
[WhiteElo "2507"]
[BlackElo "2418"]
[PlyCount "57"]
[EventDate "2012.07.22"]
[EventCountry "ITA"]
[SourceDate "2005.09.12"]

1. d4 d5 2. Nf3 c5 3. c4 dxc4 4. e3 cxd4 5. Bxc4 Qc7 6. Bb3 dxe3 7. Bxe3 e6 8.
O-O Nf6 9. Nc3 Nc6 10. Nb5 Qa5 11. Nfd4 Bd7 12. Bf4 Rc8 13. Rc1 a6 14. Nd6+
Bxd6 15. Bxd6 Qd8 16. Re1 Nxd4 17. Rxc8 Qxc8 18. Qxd4 Bc6 19. f4 Qd7 20. Qd2
Kd8 21. f5 Re8 22. fxe6 fxe6 23. Qa5+ Kc8 24. Bxe6 Rxe6 25. Rxe6 Nd5 26. Qe1
Qf7 27. Bg3 Qf8 28. Rxc6+ bxc6 29. Qe6+ 1-0

[Event "IV Festival Isola Verde A"]
[Site "Ischia"]
[Date "2012.07.24"]
[Round "3"]
[White "Hristodorescu, Daniel"]
[Black "Groh, Jiri"]
[Result "1-0"]
[WhiteElo "2229"]
[BlackElo "2054"]
[PlyCount "107"]
[EventDate "2012.07.22"]
[EventCountry "ITA"]
[SourceDate "2005.09.12"]

1. e4 c5 2. Nf3 Nc6 3. Bb5 g6 4. O-O Bg7 5. Re1 Nf6 6. e5 Nd5 7. Nc3 Nc7 8. Bc4
O-O 9. d3 d6 10. exd6 exd6 11. Bg5 Qd7 12. Qd2 d5 13. Bb3 b5 14. a4 b4 15. Nd1
f6 16. Bf4 Ne6 17. Bg3 Ned4 18. Nxd4 Nxd4 19. Ba2 Bb7 20. c3 bxc3 21. Qxc3 Rac8
22. Qd2 Kh8 23. Nc3 Nf5 24. Bf4 g5 25. Bg3 Nxg3 26. hxg3 Rfe8 27. d4 cxd4 28.
Nb5 Re5 29. Nxa7 Rce8 30. Nb5 Qe7 31. Red1 Re2 32. Qd3 Rxb2 33. Nxd4 Qe4 34.
Qc3 Rb6 35. a5 Rc8 36. Qd2 Ra6 37. Bb1 Qe8 38. Re1 Qf7 39. Bd3 Rd6 40. a6 Bc6
41. Rec1 Qf8 42. Bf5 Bd7 43. a7 Ra8 44. Rc7 Qd8 45. Rb7 Bxf5 46. Nxf5 Rd7 47.
Rab1 Rxb7 48. Rxb7 Bf8 49. Qb2 d4 50. Qxd4 Qxd4 51. Nxd4 Bd6 52. Nb5 Be5 53.
Nc7 Bxc7 54. Rxc7 1-0

[Event "IV Festival Isola Verde A"]
[Site "Ischia"]
[Date "2012.07.24"]
[Round "3"]
[White "Matthiesen, Arne"]
[Black "Auletta, Angelo"]
[Result "1-0"]
[WhiteElo "2336"]
[BlackElo "2203"]
[PlyCount "89"]
[EventDate "2012.07.22"]
[EventCountry "ITA"]
[SourceDate "2005.09.12"]

1. Nf3 Nf6 2. c4 g6 3. d4 Bg7 4. g3 d5 5. cxd5 Nxd5 6. Bg2 Nb6 7. O-O O-O 8.
Nc3 Nc6 9. e3 Re8 10. Re1 e5 11. d5 Na5 12. e4 c6 13. b3 Bg4 14. Bg5 Qxg5 15.
Nxg5 Bxd1 16. Raxd1 Rad8 17. h4 h6 18. Nf3 cxd5 19. Nxd5 Nxd5 20. exd5 f5 21.
h5 g5 22. g4 e4 23. Nh2 Re5 24. gxf5 Rexd5 25. Rxd5 Rxd5 26. Bxe4 Rd2 27. Ng4
Nc6 28. f6 Bf8 29. Bxc6 bxc6 30. Re8 Kf7 31. Rc8 Rc2 32. Rc7+ Ke6 33. Rxa7 Bc5
34. f7 Rd2 35. Rc7 Bd6 36. Rxc6 Kxf7 37. Nxh6+ Ke6 38. Ng4 Kf5 39. Ne3+ Ke4 40.
Nc4 Rd1+ 41. Kg2 Bf4 42. Re6+ Kf5 43. Ne3+ Kxe6 44. Nxd1 g4 45. Ne3 1-0

[Event "IV Festival Isola Verde A"]
[Site "Ischia"]
[Date "2012.07.24"]
[Round "3"]
[White "Naumkin, Igor"]
[Black "Kutirov, Rolando"]
[Result "1-0"]
[WhiteElo "2463"]
[BlackElo "2324"]
[PlyCount "85"]
[EventDate "2012.07.22"]
[EventCountry "ITA"]
[SourceDate "2005.09.12"]

1. d4 d5 2. c4 c6 3. Nf3 Nf6 4. Nc3 e6 5. e3 Nbd7 6. Qc2 Bd6 7. Bd3 O-O 8. O-O
dxc4 9. Bxc4 b5 10. Be2 Bb7 11. Rd1 Qb8 12. h3 Rc8 13. Ng5 Be7 14. Bh5 g6 15.
Be2 b4 16. Na4 c5 17. b3 cxd4 18. Bc4 dxe3 19. Nxe6 exf2+ 20. Qxf2 Rxc4 21. Ng5
Bc6 22. bxc4 Bxa4 23. Re1 Bc5 24. Be3 Qb6 25. Bxc5 Qxc5 26. Qxc5 Nxc5 27. Re7
Be8 28. Rc7 Nfe4 29. Re1 Na6 30. Re7 Nf6 31. Rf1 Kf8 32. Rxf7+ Bxf7 33. Rxf6 h6
34. Rxf7+ Kg8 35. Rf6 Kg7 36. Rxa6 hxg5 37. c5 Kh6 38. Kf2 b3 39. axb3 Rb8 40.
Ke3 Rxb3+ 41. Kd4 g4 42. c6 Rb2 43. Ra3 1-0

[Event "IV Festival Isola Verde A"]
[Site "Ischia"]
[Date "2012.07.26"]
[Round "4"]
[White "Calabrese, Claudio"]
[Black "Fredericia, Louise"]
[Result "0-1"]
[WhiteElo "1936"]
[BlackElo "2081"]
[PlyCount "110"]
[EventDate "2012.07.22"]
[EventCountry "ITA"]
[SourceDate "2005.09.12"]

1. d4 Nf6 2. Nf3 c5 3. e3 g6 4. Nbd2 b6 5. b3 Bg7 6. Bb2 O-O 7. Be2 Bb7 8. O-O
d6 9. c4 cxd4 10. exd4 Nbd7 11. d5 e6 12. dxe6 fxe6 13. Ng5 Qe7 14. Bf3 Bxf3
15. Ngxf3 e5 16. Re1 Nc5 17. Qc2 Nh5 18. b4 Ne6 19. Qe4 Rac8 20. Rac1 Bh6 21.
Rc2 Nef4 22. c5 Nf6 23. Qc4+ d5 24. Qb3 bxc5 25. Rxc5 Rxc5 26. bxc5 e4 27. Ba3
Qc7 28. Nd4 Nd3 29. Re2 Rb8 30. Qc2 Bxd2 31. Rxd2 Nxc5 32. Nb3 Na6 33. Qxc7
Nxc7 34. Bd6 Nfe8 35. Be5 Rd8 36. Nc5 Rb8 37. Kf1 Rb5 38. Bd4 Nd6 39. Nb3 Ne6
40. Bxa7 Nc4 41. Rd1 Nf4 42. g3 Nd3 43. f3 Rb7 44. Bd4 Rf7 45. f4 g5 46. a4
gxf4 47. gxf4 Rxf4+ 48. Kg2 Rf3 49. Nc5 Nf4+ 50. Kg1 Ra3 51. Ra1 Ne2+ 52. Kf2
Nxd4 53. Rd1 e3+ 54. Ke1 Nc2+ 55. Ke2 d4 0-1

[Event "IV Festival Isola Verde A"]
[Site "Ischia"]
[Date "2012.07.26"]
[Round "4"]
[White "Caputi, Nicola"]
[Black "Chiang, Michael"]
[Result "1/2-1/2"]
[WhiteElo "2029"]
[BlackElo "2144"]
[PlyCount "58"]
[EventDate "2012.07.22"]
[EventCountry "ITA"]
[SourceDate "2005.09.12"]

1. c4 e5 2. g3 Nf6 3. Bg2 d5 4. cxd5 Nxd5 5. Nc3 Nb6 6. Nf3 Nc6 7. O-O Be7 8.
a3 O-O 9. b4 Re8 10. d3 Bf8 11. Rb1 Bg4 12. Re1 Nd4 13. Nxd4 exd4 14. Ne4 a5
15. Nc5 axb4 16. axb4 Bxc5 17. bxc5 Na4 18. Qc2 Nc3 19. Rxb7 Nxe2+ 20. Kf1 Nc3
21. Rxe8+ Qxe8 22. Bb2 Qe5 23. Rb4 Re8 24. Bxc3 Qe2+ 25. Qxe2 Bxe2+ 26. Ke1
Bf3+ 27. Kf1 Be2+ 28. Ke1 Bf3+ 29. Kf1 Be2+ 1/2-1/2

[Event "IV Festival Isola Verde A"]
[Site "Ischia"]
[Date "2012.07.26"]
[Round "4"]
[White "Dragojlovic, Andjelko"]
[Black "Naumkin, Igor"]
[Result "0-1"]
[WhiteElo "2367"]
[BlackElo "2463"]
[PlyCount "42"]
[EventDate "2012.07.22"]
[EventCountry "ITA"]
[SourceDate "2005.09.12"]

1. Nf3 Nf6 2. g3 b6 3. Bg2 Bb7 4. O-O e6 5. d4 Be7 6. c4 O-O 7. d5 exd5 8. Nh4
c6 9. cxd5 Nxd5 10. Nf5 Nc7 11. e4 d5 12. Nc3 Bf6 13. exd5 cxd5 14. Qg4 Nc6 15.
Bf4 Ne5 16. Bxe5 Bxe5 17. Rad1 Bxc3 18. bxc3 Qf6 19. Rfe1 Rae8 20. Ne3 Qxc3 21.
Rc1 Qe5 0-1

[Event "IV Festival Isola Verde A"]
[Site "Ischia"]
[Date "2012.07.26"]
[Round "4"]
[White "Groh, Jiri"]
[Black "Frank-Nielsen, Marie"]
[Result "1-0"]
[WhiteElo "2054"]
[BlackElo "1983"]
[PlyCount "91"]
[EventDate "2012.07.22"]
[EventCountry "ITA"]
[SourceDate "2005.09.12"]

1. c4 Nf6 2. Nf3 g6 3. g3 Bg7 4. Bg2 O-O 5. O-O d6 6. d4 Nbd7 7. Nc3 e5 8. b3
a6 9. Bb2 Rb8 10. a4 Re8 11. Qc2 exd4 12. Nxd4 Nc5 13. b4 Ne6 14. Rad1 Nxd4 15.
Rxd4 Qe7 16. Rd2 Be6 17. Nd5 Bxd5 18. cxd5 Qd7 19. e3 Rbc8 20. Ra1 Nh5 21. Bxg7
Nxg7 22. Qd3 Nh5 23. a5 f5 24. Rc1 Nf6 25. Qd4 Ne4 26. Rdc2 c5 27. dxc6 Rxc6
28. Qd5+ Qf7 29. Qxf7+ Kxf7 30. Rxc6 bxc6 31. Rxc6 Rb8 32. Bxe4 fxe4 33. Rxd6
Rxb4 34. Rxa6 h6 35. g4 Kg7 36. Kg2 Kf7 37. h4 Kg7 38. Kg3 Rb2 39. g5 h5 40.
Ra7+ Kg8 41. a6 Ra2 42. Kf4 Rxf2+ 43. Kxe4 Rf8 44. Rb7 Re8+ 45. Kf3 Rf8+ 46.
Ke2 1-0

[Event "IV Festival Isola Verde A"]
[Site "Ischia"]
[Date "2012.07.26"]
[Round "4"]
[White "Hristodorescu, Daniel"]
[Black "Matthiesen, Arne"]
[Result "1/2-1/2"]
[WhiteElo "2229"]
[BlackElo "2336"]
[PlyCount "97"]
[EventDate "2012.07.22"]
[EventCountry "ITA"]
[SourceDate "2005.09.12"]

1. e4 g6 2. d4 Bg7 3. Nc3 d6 4. Be3 a6 5. Qd2 b5 6. f3 Nd7 7. g4 Nb6 8. a4 b4
9. Nd1 a5 10. b3 h5 11. g5 e6 12. Rc1 Ne7 13. f4 Bb7 14. Bb5+ c6 15. Bd3 O-O
16. Nf3 Rc8 17. O-O Nd7 18. Nb2 c5 19. Nc4 Qc7 20. f5 exf5 21. exf5 gxf5 22.
Bf4 Bxf3 23. Rxf3 Bxd4+ 24. Kh1 Qc6 25. Qg2 Ng6 26. Bg3 f4 27. Bxg6 fxg6 28.
Rxf4 d5 29. Rxf8+ Nxf8 30. Nd6 Rd8 31. Nb5 Ne6 32. Nxd4 Nxd4 33. Bf2 Ne2 34.
Rf1 Nc3 35. Bg3 Ne4 36. h4 Qe6 37. Kh2 Re8 38. Be1 Qd6+ 39. Kg1 Rf8 40. Rxf8+
Kxf8 41. Qf1+ Ke7 42. Qb5 Qc7 43. Qa6 c4 44. Qxg6 Qc5+ 45. Kf1 cxb3 46. cxb3
Qe3 47. Qg7+ Ke6 48. Qg8+ Ke5 49. Qg7+ 1/2-1/2

[Event "IV Festival Isola Verde A"]
[Site "Ischia"]
[Date "2012.07.26"]
[Round "4"]
[White "Kutirov, Rolando"]
[Black "Auletta, Angelo"]
[Result "1-0"]
[WhiteElo "2324"]
[BlackElo "2203"]
[PlyCount "83"]
[EventDate "2012.07.22"]
[EventCountry "ITA"]
[SourceDate "2005.09.12"]

1. d4 Nf6 2. c4 g6 3. Nf3 Bg7 4. g3 d5 5. cxd5 Nxd5 6. Bg2 Nb6 7. Nc3 Nc6 8. e3
O-O 9. O-O Re8 10. d5 Na5 11. Nd4 Bd7 12. e4 c6 13. Re1 e5 14. dxe6 Bxe6 15.
Nxe6 Qxd1 16. Nxd1 Rxe6 17. Rb1 Nac4 18. b3 Ne5 19. Nb2 f5 20. f4 Ng4 21. e5
Bf8 22. Nd3 Rd8 23. Bf1 Nd5 24. h3 Nc3 25. Ra1 Nh6 26. Be3 Ne4 27. Kg2 b6 28.
Rac1 Nf7 29. Nf2 Nxf2 30. Kxf2 Ba3 31. Rc2 c5 32. Bc4 Re7 33. Ree2 Kf8 34. Bd2
Rd4 35. Bc3 Rxc4 36. bxc4 Nd8 37. Red2 Ne6 38. Rd3 a6 39. Rd6 b5 40. Rxa6 b4
41. Ba1 Kf7 42. Rd2 1-0

[Event "IV Festival Isola Verde A"]
[Site "Ischia"]
[Date "2012.07.26"]
[Round "4"]
[White "Meijers, Viesturs"]
[Black "Horvath, Csaba"]
[Result "1/2-1/2"]
[WhiteElo "2485"]
[BlackElo "2507"]
[PlyCount "29"]
[EventDate "2012.07.22"]
[EventCountry "ITA"]
[SourceDate "2005.09.12"]

1. Nf3 Nf6 2. c4 g6 3. b3 Bg7 4. Bb2 c5 5. g3 Nc6 6. Bg2 d6 7. O-O e5 8. Nc3
O-O 9. e3 Bf5 10. d4 exd4 11. exd4 Ne4 12. Re1 Re8 13. Nxe4 Bxe4 14. h3 Bxf3
15. Bxf3 1/2-1/2

[Event "IV Festival Isola Verde A"]
[Site "Ischia"]
[Date "2012.07.27"]
[Round "5"]
[White "Chiang, Michael"]
[Black "Dragojlovic, Andjelko"]
[Result "1-0"]
[WhiteElo "2144"]
[BlackElo "2367"]
[PlyCount "70"]
[EventDate "2012.07.22"]
[EventCountry "ITA"]
[SourceDate "2005.09.12"]

1. e4 b6 2. d4 Bb7 3. Nc3 e6 4. Bd3 Nf6 5. a3 d5 6. e5 Nfd7 7. Nce2 c5 8. c3
Nc6 9. Nf3 Be7 10. Nf4 g6 11. O-O Qc7 12. b4 c4 13. Bc2 O-O-O 14. a4 Rdg8 15.
Ba3 Qd8 16. Nd2 Qf8 17. Ne2 g5 18. f4 a5 19. f5 Qe8 20. Qb1 axb4 21. Bxb4 Nxb4
22. cxb4 Nb8 23. f6 Bf8 24. Bxh7 Rxh7 25. Qxh7 Bxb4 26. Qc2 Nc6 27. Nb1 Qf8 28.
Nbc3 Rh8 29. Rf2 Rh4 30. Rd1 Kb8 31. g3 Rh5 32. Rb1 Ba5 33. Na2 Qa3 34. Nac3
Rh3 35. Nb5 Bc3 1-0

[Event "IV Festival Isola Verde A"]
[Site "Ischia"]
[Date "2012.07.27"]
[Round "5"]
[White "Frank-Nielsen, Marie"]
[Black "Calabrese, Claudio"]
[Result "1/2-1/2"]
[WhiteElo "1983"]
[BlackElo "1936"]
[PlyCount "42"]
[EventDate "2012.07.22"]
[EventCountry "ITA"]
[SourceDate "2005.09.12"]

1. e4 e6 2. d4 d5 3. e5 c5 4. c3 Nc6 5. Nf3 Bd7 6. Bd3 cxd4 7. O-O dxc3 8. Nxc3
Nge7 9. Bg5 Qb8 10. Re1 Ng6 11. Qe2 Bb4 12. a3 Bc5 13. Rac1 Bb6 14. h4 Bc7 15.
Nb5 Ngxe5 16. Nxc7+ Qxc7 17. Nxe5 Qxe5 18. Qf3 Qd6 19. Bf4 Qe7 20. Qg3 f6 21.
Bxh7 e5 1/2-1/2

[Event "IV Festival Isola Verde A"]
[Site "Ischia"]
[Date "2012.07.27"]
[Round "5"]
[White "Fredericia, Louise"]
[Black "Groh, Jiri"]
[Result "1-0"]
[WhiteElo "2081"]
[BlackElo "2054"]
[PlyCount "63"]
[EventDate "2012.07.22"]
[EventCountry "ITA"]
[SourceDate "2005.09.12"]

1. e4 c5 2. Nf3 Nc6 3. d4 cxd4 4. Nxd4 Nf6 5. Nc3 g6 6. Be3 Bg7 7. Bc4 O-O 8.
Bb3 a5 9. a4 Ng4 10. Qxg4 Nxd4 11. Qh4 Nxb3 12. cxb3 e6 13. Qxd8 Rxd8 14. Bb6
Re8 15. O-O-O Ra6 16. Bd4 e5 17. Be3 d6 18. Kb1 Be6 19. Nb5 Rc6 20. Rc1 Kf8 21.
Bd2 Ra8 22. Nc7 Rc8 23. Rxc6 bxc6 24. Nxe6+ fxe6 25. Bxa5 Ke7 26. Rc1 Kd7 27.
Rc3 Rb8 28. Rf3 Ke7 29. Bd2 h6 30. Kc2 d5 31. Kd3 g5 32. Kc2 1-0

[Event "IV Festival Isola Verde A"]
[Site "Ischia"]
[Date "2012.07.27"]
[Round "5"]
[White "Horvath, Csaba"]
[Black "Todorov, Todor"]
[Result "1/2-1/2"]
[WhiteElo "2507"]
[BlackElo "2469"]
[PlyCount "25"]
[EventDate "2012.07.22"]
[EventCountry "ITA"]
[SourceDate "2005.09.12"]

1. d4 Nf6 2. c4 d6 3. Nc3 e5 4. Nf3 Nbd7 5. Bg5 Be7 6. e3 exd4 7. Nxd4 Nc5 8.
Qc2 Ne6 9. Nxe6 Bxe6 10. Be2 O-O 11. O-O Nd7 12. Bxe7 Qxe7 13. Rfd1 1/2-1/2

[Event "IV Festival Isola Verde A"]
[Site "Ischia"]
[Date "2012.07.27"]
[Round "5"]
[White "Kutirov, Rolando"]
[Black "Hristodorescu, Daniel"]
[Result "0-1"]
[WhiteElo "2324"]
[BlackElo "2229"]
[PlyCount "67"]
[EventDate "2012.07.22"]
[EventCountry "ITA"]
[SourceDate "2005.09.12"]

1. d4 Nf6 2. Nf3 g6 3. c4 Bg7 4. g3 O-O 5. Bg2 d6 6. O-O c6 7. Nc3 Bf5 8. Nh4
Bd7 9. b3 Qc8 10. Bb2 Bh3 11. e4 Bxg2 12. Kxg2 c5 13. Nf3 Re8 14. Re1 cxd4 15.
Qxd4 Nc6 16. Qd2 Nd7 17. Rad1 b6 18. Nd5 Bxb2 19. Qxb2 Qb7 20. h4 Nce5 21. Nxe5
dxe5 22. h5 e6 23. Ne3 gxh5 24. f3 Qc7 25. Rh1 Nf6 26. f4 Nxe4 27. Rxh5 exf4
28. Ng4 f3+ 29. Kf1 Nxg3+ 30. Kf2 Nxh5 31. Rg1 Kf8 32. Qd2 Qf4 33. Qb4+ Re7 34.
Qc3 0-1

[Event "IV Festival Isola Verde A"]
[Site "Ischia"]
[Date "2012.07.27"]
[Round "5"]
[White "Melich, Jindrich"]
[Black "Caputi, Nicola"]
[Result "1/2-1/2"]
[WhiteElo "2104"]
[BlackElo "2029"]
[PlyCount "67"]
[EventDate "2012.07.22"]
[EventCountry "ITA"]
[SourceDate "2005.09.12"]

1. b4 d5 2. Bb2 Nf6 3. e3 e6 4. b5 Nbd7 5. c4 Be7 6. Nf3 O-O 7. Be2 c6 8. a4 a5
9. O-O Ne4 10. Nc3 Ndf6 11. cxd5 cxd5 12. d4 Bd7 13. Nxe4 Nxe4 14. Rc1 Qb6 15.
Ne5 Rfd8 16. Rc2 Be8 17. Bd3 f6 18. Nf3 Bh5 19. Qb1 Bd6 20. Nd2 f5 21. f3 Nxd2
22. Rxd2 Rac8 23. Rc1 h6 24. Rxc8 Rxc8 25. Rc2 Rxc2 26. Qxc2 Qd8 27. Bc3 Bc7
28. Be2 Qd6 29. g3 Be8 30. Bd2 Bd7 31. Qc5 b6 32. Qxd6 Bxd6 33. f4 g5 34. Kf2
1/2-1/2

[Event "IV Festival Isola Verde A"]
[Site "Ischia"]
[Date "2012.07.28"]
[Round "6"]
[White "Auletta, Angelo"]
[Black "Dragojlovic, Andjelko"]
[Result "0-1"]
[WhiteElo "2203"]
[BlackElo "2367"]
[PlyCount "57"]
[EventDate "2012.07.22"]
[EventCountry "ITA"]
[SourceDate "2005.09.12"]

1. e4 g6 2. d4 Bg7 3. Nc3 d6 4. f4 a6 5. Nf3 b5 6. Bd3 e6 7. O-O Ne7 8. Qe1 O-O
9. Be3 Nd7 10. e5 Bb7 11. a4 b4 12. Ne4 a5 13. exd6 cxd6 14. Nxd6 Bxf3 15. Rxf3
Nb6 16. Nb5 Nf5 17. Bxf5 exf5 18. c3 bxc3 19. bxc3 Qd7 20. Qd1 Rac8 21. Qb3 Nc4
22. Rd1 Rfd8 23. Bc1 h5 24. d5 Rc5 25. d6 Re8 26. h3 h4 27. Rfd3 Kh7 28. Qa2
Nb6 29. Qf2 0-1

[Event "IV Festival Isola Verde A"]
[Site "Ischia"]
[Date "2012.07.28"]
[Round "6"]
[White "Calabrese, Claudio"]
[Black "Melich, Jindrich"]
[Result "1/2-1/2"]
[WhiteElo "1936"]
[BlackElo "2104"]
[PlyCount "38"]
[EventDate "2012.07.22"]
[EventCountry "ITA"]
[SourceDate "2005.09.12"]

1. d4 g6 2. c4 Bg7 3. Nc3 Nf6 4. e4 d6 5. f3 Nbd7 6. Be3 O-O 7. Bd3 c5 8. Nge2
cxd4 9. Nxd4 Ne5 10. Be2 a6 11. Qd2 Re8 12. O-O Bd7 13. Rac1 Rc8 14. b3 Qa5 15.
Rfd1 Nc6 16. Nxc6 Bxc6 17. Nd5 Qxd2 18. Nxf6+ Bxf6 19. Rxd2 Kg7 1/2-1/2